000 00631nam a2200193 i 4500
001 25459
003 ES-MaACL
005 20230906153254.0
007 t|
008 021226s1970 sp ||||1| spa d
100 1 _aArias y Arias, Ricardo.
_922810
245 1 3 _aLa poesía de los goliardos /
_cRicardo Arias y Arias.
260 _a[Madrid] :
_bGredos,
_c[1970]
300 _a315 p. ;
_c19 cm.
490 1 _aBiblioteca románica hispánica. VI. Antología hispánica ;
_v30
830 0 _aBiblioteca románica hispánica. VI. Antología hispánica ;
_v30
_9180838
852 _aES-MaACL
_jC-41578
_bR.76164
999 _c25459
_d25459